000 00235nam a2200097Ia 4500
008 190216s9999||||xx |||||||||||||| ||und||
100 _aKoshi Cheriyan
245 0 _aSasya Paristhithi Vinjanam
260 _bKerala Basha Inst
942 _cBK
999 _c37580
_d37580